<?xml version="1.0" encoding="UTF-8"?>
<record
    xmlns:xsi="http://www.w3.org/2001/XMLSchema-instance"
    xsi:schemaLocation="http://www.loc.gov/MARC21/slim http://www.loc.gov/standards/marcxml/schema/MARC21slim.xsd"
    xmlns="http://www.loc.gov/MARC21/slim">

  <leader>01960nas a2200277Ia 4500</leader>
  <controlfield tag="001">R261-R4420</controlfield>
  <controlfield tag="003">IT-CnALBA</controlfield>
  <controlfield tag="008">170116c99999999xx ||||||||||||   ||und||</controlfield>
  <datafield tag="040" ind1=" " ind2=" ">
    <subfield code="a">IT-CnALBA</subfield>
    <subfield code="c">IT-CnALBA</subfield>
  </datafield>
  <datafield tag="041" ind1=" " ind2=" ">
    <subfield code="a">ITALIANO</subfield>
  </datafield>
  <datafield tag="100" ind1=" " ind2=" ">
    <subfield code="a">SCOTTON JACOBO, MONS.</subfield>
  </datafield>
  <datafield tag="210" ind1=" " ind2=" ">
    <subfield code="a">LA RISCOSSA</subfield>
  </datafield>
  <datafield tag="222" ind1=" " ind2=" ">
    <subfield code="a">LA RISCOSSA</subfield>
  </datafield>
  <datafield tag="245" ind1=" " ind2="0">
    <subfield code="a">LA RISCOSSA. PER LA CHIESA E PER LA PATRIA. ANNO 1908-1909-1910. SETTIMANALE CATTOLICO. </subfield>
  </datafield>
  <datafield tag="250" ind1=" " ind2=" ">
    <subfield code="a">1a ed.</subfield>
  </datafield>
  <datafield tag="260" ind1=" " ind2=" ">
    <subfield code="a"> BREGANZE</subfield>
    <subfield code="b">RISCOSSA LA TIPOGRAFIA </subfield>
    <subfield code="c">1910</subfield>
  </datafield>
  <datafield tag="300" ind1=" " ind2=" ">
    <subfield code="a">8 p. </subfield>
  </datafield>
  <datafield tag="310" ind1=" " ind2=" ">
    <subfield code="a">SETTIMANALE</subfield>
  </datafield>
  <datafield tag="362" ind1=" " ind2=" ">
    <subfield code="a">Fascicolo: 1-52 / Anno: 19 (1910)</subfield>
  </datafield>
  <datafield tag="500" ind1=" " ind2=" ">
    <subfield code="a">AUGURIO AL SANTO PADRE. I NOSTRI ASSOCIATI. MODERNISMO E MURRISMO. A FERRI CORTI. PAX. FRA GIORNALI. LA SETTIMANA IN CASA NOSTRA, FUORI CASA NOSTRA. FRANCIA. RUSSIA. SPAGNA. PORTOGALLO BELGIO. CORSO CATECHISMO ADULTI. CONTINUA SUL MODERNISMO. PUBBLICAZIONI ANTIMODERNISTE. LAICIT&#xC0; DELLA SCUOLA. AZIONE CATTOLICA. FRA GIORNALI. IL ROVESCIO DELLA MEDAGLIA. SETTIMANALE CON RUBRICHE FISSE. IMMANENTISMO. SUBLIME SEMPLICIT&#xC0;. EVOLUZIONE DEL DOGMA. PROPRIET&#xC0; DEI MUSEI VATICANI. NOVA ET VETERA. LA CRITICA BIBLICA. EVOLUZIONISMO. ENCICLICA PASCENDI CONTRO IL MODERNISMO. </subfield>
  </datafield>
  <datafield tag="501" ind1=" " ind2=" ">
    <subfield code="a">Societ&#xE0; San Paolo EM - Piazza San Paolo, 14 - 12051 ALBA (CN)  (non commercial uses only) &#xAE; Copyright 2017</subfield>
  </datafield>
  <datafield tag="520" ind1=" " ind2=" ">
    <subfield code="a">AUGURIO AL SANTO PADRE. I NOSTRI ASSOCIATI. MODERNISMO E MURRISMO. A FERRI CORTI. PAX. FRA GIORNALI. LA SETTIMANA IN CASA NOSTRA, FUORI CASA NOSTRA. FRANCIA. RUSSIA. SPAGNA. PORTOGALLO BELGIO. CORSO CATECHISMO ADULTI. CONTINUA SUL MODERNISMO. PUBBLICAZIONI ANTIMODERNISTE. LAICIT&#xC0; DELLA SCUOLA. AZIONE CATTOLICA. FRA GIORNALI. IL ROVESCIO DELLA MEDAGLIA. SETTIMANALE CON RUBRICHE FISSE. IMMANENTISMO. SUBLIME SEMPLICIT&#xC0;. EVOLUZIONE DEL DOGMA. PROPRIET&#xC0; DEI MUSEI VATICANI. NOVA ET VETERA. LA CRITICA BIBLICA. EVOLUZIONISMO. ENCICLICA PASCENDI CONTRO IL MODERNISMO. </subfield>
  </datafield>
  <datafield tag="650" ind1=" " ind2=" ">
    <subfield code="a">TEOLOGIA SOCIALE</subfield>
  </datafield>
  <datafield tag="942" ind1=" " ind2=" ">
    <subfield code="c">CR</subfield>
  </datafield>
  <datafield tag="957" ind1=" " ind2=" ">
    <subfield code="7">1</subfield>
  </datafield>
  <datafield tag="999" ind1=" " ind2=" ">
    <subfield code="a">14474</subfield>
    <subfield code="b">SI </subfield>
    <subfield code="g">1</subfield>
    <subfield code="c">322432</subfield>
    <subfield code="d">322432</subfield>
  </datafield>
  <datafield tag="952" ind1=" " ind2=" ">
    <subfield code="0">0</subfield>
    <subfield code="1">0</subfield>
    <subfield code="4">0</subfield>
    <subfield code="6">R_261R4420</subfield>
    <subfield code="7">1</subfield>
    <subfield code="a">ALBA</subfield>
    <subfield code="b">ALBA</subfield>
    <subfield code="d">2017-01-16</subfield>
    <subfield code="l">0</subfield>
    <subfield code="o">R261-R4420</subfield>
    <subfield code="r">2017-01-16 00:00:00</subfield>
    <subfield code="w">2017-01-16</subfield>
    <subfield code="y">CR</subfield>
    <subfield code="z">(data import: 16 gennaio 2017) - By Epidotti, Vaglietti. </subfield>
  </datafield>
</record>
